000 00790nam a22001817a 4500
003 UA-OsUOA
001 18310
007 ta
008 20040503b un ||||| |||| 00| 0 ukr d
100 _aШерешень М.
942 _cSA
040 _aUA-OsUOA
_cUA-OsUOA
_dUA-OsUOA
245 _aФранцуженка, яка найчастіше буває у Рівному
_b[Вчителька з фр. міста Ансні Мішель Фортунато вдев'яте за сім років дружби з Рівнен. Укр. міськ. гімназією побувала у р нашому місті]
300 _aС.3
955 _a0
773 0 _w0
_tРівне вечірнє
_dРівне
_d2004
_g№29/20 квіт./
650 7 _aАнсні Мішель Фортунато
_2UDC
999 _c304481
_d304481